|
|
|
|
| LEADER |
01647nam a22003617a 4500 |
| 001 |
41627 |
| 003 |
BD-DhAAL |
| 008 |
230813t2020 ii ||||| |||| 00| 0 eng d |
| 020 |
|
|
|a 9789353169725
|
| 020 |
|
|
|a 9353169720
|
| 020 |
|
|
|a 9789353169732 (eBook)
|
| 020 |
|
|
|a 9353169739 (eBook)
|
| 040 |
|
|
|a BD-DhAAL
|c BD-DhAAL
|
| 082 |
|
|
|a 530.141
|2 23
|
| 100 |
|
|
|a Hayat, Willaim H.
|9 55323
|
| 245 |
|
|
|a Engineering electromagnetics /
|c Willaim H. Hayat and John A. Buck ; adapted by M. Jaleel Akhtar.
|
| 250 |
|
|
|a Ninth edition.
|
| 260 |
|
|
|a Chennai :
|b McGraw Hill Education,
|c c2020.
|
| 300 |
|
|
|a xv, 728 pages :
|b illustrations ;
|c 24 cm.
|
| 526 |
|
|
|a EEE
|
| 541 |
|
|
|a Book Finder International
|e 41627, 41628, 41629
|
| 650 |
|
|
|a Electromagnetic theory.
|
| 650 |
|
|
|a Electrical engineering.
|
| 650 |
|
|
|a Electronic circuits.
|
| 650 |
|
|
|a Mathematics.
|
| 700 |
|
|
|a Buck, John A.
|
| 700 |
|
|
|a Akhtar, M. Jaleel.
|9 55325
|
| 852 |
|
|
|a Ayesha Abed Library
|c General Stacks
|
| 942 |
|
|
|2 ddc
|c BK
|
| 999 |
|
|
|c 44316
|d 44316
|
| 952 |
|
|
|0 0
|1 0
|2 ddc
|4 0
|6 530_141000000000000_HAY
|7 0
|9 74161
|a BRACUL
|b BRACUL
|c GEN
|d 2023-08-03
|e Book Finder International
|g 1164.15
|l 0
|o 530.141 HAY
|p 3010041629
|r 2023-08-03
|t 3
|v 1164.15
|w 2023-08-03
|y BK
|
| 952 |
|
|
|0 0
|1 0
|2 ddc
|4 0
|6 530_141000000000000_HAY
|7 0
|9 74162
|a BRACUL
|b BRACUL
|c GEN
|d 2023-08-03
|e Book Finder International
|g 1164.15
|l 2
|m 1
|o 530.141 HAY
|p 3010041627
|r 2026-02-25
|s 2026-02-18
|t 1
|v 1164.15
|w 2023-08-03
|y BK
|
| 952 |
|
|
|0 0
|1 0
|2 ddc
|4 0
|6 530_141000000000000_HAY
|7 0
|9 74163
|a BRACUL
|b BRACUL
|c GEN
|d 2023-08-03
|e Book Finder International
|g 1164.15
|l 2
|o 530.141 HAY
|p 3010041628
|r 2025-09-16
|s 2025-09-10
|t 2
|v 1164.15
|w 2023-08-03
|y BK
|